Guess the Lizzie McAlpine Song # 1 - Statistics

General Stats
  • This quiz has been taken 23 times
  • The average score is 133 of 191
Answer Stats
% Correct
I
100%
a
92%
don't
92%
you
92%
You
92%
And
85%
and
85%
be
85%
in
85%
it
85%
It
85%
me
85%
So
85%
the
85%
to
85%
but
77%
But
77%
Can't
77%
can't
77%
like
77%
no
77%
feels
69%
have
69%
it's
69%
It's
69%
i've
69%
I've
69%
movie
69%
not
69%
this
69%
your
69%
You're
69%
you're
69%
are
62%
Bedsheets,
62%
before
62%
Before
62%
car
62%
Ceilings,
62%
clothes
62%
cute,
62%
does
62%
driving
62%
else
62%
faster?
62%
go
62%
here
62%
home
62%
just
62%
kinda
62%
kiss
62%
Lovely
62%
make
62%
move
62%
My
62%
nobody
62%
of
62%
on
62%
plaster
62%
seen
62%
sit
62%
start
62%
Then
62%
Touch
62%
was
62%
with
62%
all
54%
end
54%
exist
54%
full
54%
get
54%
harder
54%
lay
54%
leave
54%
now
54%
Raining
54%
real
54%
say
54%
shoes
54%
time
54%
up
54%
wanna
54%
water
54%
would
54%
As
46%
between
46%
chaos
46%
comfort
46%
hits
46%
kissed
46%
last
46%
moment
46%
out
46%
rained
46%
recall
46%
ruin
46%
short
46%
sitting
46%
comes
38%
over
31%
No matching quizzes found
Score Distribution
Percent of People with Each Score
Percentile by Number Answered
Your Score History
You have not taken this quiz